1876 1761 1195 1609 1278 1405 1509 1813 1003 1750 1852 1841 1523 1964 1335 1930 1202 1251 1530 1573 1009 1994 1447 1815 1963 1112 1754 1492 1551 1233 1461 1097 1853 1060 1207 1189 1611 1736 1990 1509 1115 1766 1576 1146 1714 1013 1542 1838 1459 1777 1530 1885 1148 1199 1171 1089 1330 1155 1113 1033 1682 1001 1158 1618 1737 1284 1360 1408 1790 1646 1317 1247 1591 1554 1705 1531 1634 1610 1372 1409 1621 1376 1863 1489 1393 1613 1872 1357 1263 1166 1498 1354 1230 1924 1191 1713 1025 1794 1874 BCNSPRNW ULIB Ver.6.0+V

เปลี่ยนเป็นภาษาไทย

Change to English
 แสดงรายละเอียดบรรณานุกรม
  กลับหน้าหลัก

Brief Record : Get Marc (ISO 2709) : E-mail record : QR code < ปิดหน้าต่าง
LEADER : 00000nam 2200000uu 4500
001    13399112326
003     ULIB
008    110627s||||||||th 000 0 tha d
020    8858710304091
090    นว.^bก765ด มปป.
100 0  เกรีดา
245 00 ดอกเบี้ยแสนสวาท/^cเกรีดา
260    กรุงเทพฯ :^bมายเลิฟ,^cมปป.
300    415 หน้า
710 1  มายเลิฟ
945    ^p265^l0^i030389
995    ทศพร
999 ^a ใช้งานได้ทุกระบบ
รายการนี้ยังไม่มีแท็ก
คุณยังไม่ได้ล็อกอิน คุณสามารถมีกิจกรรมร่วมกับเว็บไซต์ได้ แต่ต้องล็อกอินก่อน ::
  ล็อกอิน

รายการสื่อสารสนเทศ

ลำดับที่ ประเภท เลขเรียก/บาร์โค้ด สถานที่ สถานะ
- ไม่พบข้อมูล -

BibComment


ยังไม่เคยถูกคอมเมนท์

คอมเมนท์ทรัพยากรรายการนี้
  คอมเมนท์: ดอกเบี้ยแสนสวาท เ..


 Copyright 2026. Bcnsprnw @Library